[Event "Rheinland Pfalz op 8th"]
[Site "Reil an der Mosel"]
[Date "2016.05.26"]
[Round "2"]
[White "Milanovic, Milan"]
[Black "Marquardt, Christian"]
[Result "1/2-1/2"]
[WhiteElo "1841"]
[BlackElo "2089"]
[PlyCount "113"]
[EventDate "2016.05.26"]
[EventType "swiss"]
[EventRounds "7"]
[EventCountry "GER"]
[SourceTitle "EXT 2018"]
[Source "ChessBase"]
[SourceDate "2017.10.13"]
[SourceVersion "1"]
[SourceVersionDate "2017.10.13"]
[SourceQuality "1"]

1. e4 c6 2. Nc3 d5 3. exd5 cxd5 4. d4 Nc6 5. Nf3 Bg4 6. Be2 e6 7. Bf4 Nf6 8. Qd3 a6 9. a3 Be7 10. Nd1 Bf5 11. Qd2 0-0 12. Ne3 Ne4 13. Qd1 Bg6 14. 0-0 b5 15. c3 Qb6 16. h4 h6 17. g4 Qd8 18. Ng2 f5 19. h5 Be8 20. Ne5 Ra7 21. f3 Nd6 22. Qd2 Bf6 23. Rae1 fxg4 24. fxg4 Ne4 25. Qe3 Qb6 26. Bd3 Bxe5 27. dxe5 Qxe3+ 28. Rxe3 g5 29. hxg6 Bxg6 30. Rh3 Rh7 31. Nh4 Ng5 32. Bxg5 Bxd3 33. Rxf8+ Kxf8 34. Rf3+ Ke8 35. Bf6 Be4 36. Rf4 Rf7 37. Kf2 Kf8 38. Kg3 Kg8 39. Kf2 Na5 40. Ke1 Nc4 41. b3 Nxa3 42. Nf3 a5 43. Nd2 Rc7 44. Bd8 Rxc3 45. Bxa5 Re3+ 46. Kf2 Nc2 47. Bb6 Rh3 48. Nxe4 dxe4 49. Rxe4 Rxb3 50. Rf4 Nb4 51. Rf6 Nd3+ 52. Ke2 Nxe5 53. Rxe6 Nc4 54. Bd4 Rg3 55. Rg6+ Kf7 56. Rf6+ Ke7 57. Rf4 1/2-1/2

[Event "Luxembourg-chT 1213"]
[Site "Luxembourg"]
[Date "2013.04.10"]
[Round "7"]
[White "Mossong, Hubert"]
[Black "Milanovic, Milan"]
[Result "1-0"]
[WhiteElo "2159"]
[BlackElo "1825"]
[PlyCount "93"]
[EventDate "2012.10.??"]
[EventType "team-tourn"]
[EventRounds "10"]
[EventCountry "LUX"]
[SourceTitle "EXT 2017"]
[Source "ChessBase"]
[SourceDate "2016.10.25"]
[SourceVersion "1"]
[SourceVersionDate "2016.10.25"]
[SourceQuality "1"]

1. e4 c6 2. d4 d5 3. e5 Bf5 4. Nc3 e6 5. g4 Bg6 6. Nge2 h6 7. Nf4 Bh7 8. Bd3 Bxd3 9. Nxd3 Nd7 10. Ne2 c5 11. c3 cxd4 12. cxd4 Rc8 13. Ng3 Ne7 14. 0-0 Ng6 15. f4 Qb6 16. Be3 Be7 17. Qe2 0-0 18. f5 Nh4 19. Rf2 Bg5 20. Raf1 Bxe3 21. Qxe3 Rc4 22. Ne2 Qd8 23. f6 g5 24. Ne1 Kh7 25. Ng2 Nxg2 26. Rxg2 Rg8 27. Rf3 Rg6 28. h4 gxh4 29. Rh3 Nxf6 30. exf6 Qxf6 31. Qf2 Qxf2+ 32. Kxf2 Rc2 33. Kf3 Rxb2 34. Nf4 Rxg2 35. Nxg2 f5 36. gxf5 exf5 37. Nxh4 Ra6 38. Nxf5 Rxa2 39. Rxh6+ Kg8 40. Rd6 Rb2 41. Rxd5 b6 42. Rd7 a5 43. Ra7 Rb4 44. d5 Kf8 45. d6 Ke8 46. Ng7+ Kf8 47. Ne6+ 1-0

[Event "Luxembourg-chT 1213"]
[Site "Luxembourg"]
[Date "2012.12.10"]
[Round "3"]
[White "Haensel, Jean Marie"]
[Black "Milanovic, Milan"]
[Result "1-0"]
[WhiteElo "1862"]
[BlackElo "1825"]
[PlyCount "75"]
[EventDate "2012.10.??"]
[EventType "team-tourn"]
[EventRounds "10"]
[EventCountry "LUX"]
[SourceTitle "EXT 2017"]
[Source "ChessBase"]
[SourceDate "2016.10.25"]
[SourceVersion "1"]
[SourceVersionDate "2016.10.25"]
[SourceQuality "1"]

1. d4 c6 2. c4 d5 3. Nf3 Nf6 4. Nc3 e6 5. cxd5 exd5 6. Bf4 Bd6 7. Bxd6 Qxd6 8. e3 0-0 9. Qb3 b6 10. Rc1 Ba6 11. Bxa6 Nxa6 12. 0-0 Nc7 13. Rfd1 Ne6 14. h3 Rfb8 15. a4 a6 16. Ra1 c5 17. Qa3 Rd8 18. a5 c4 19. axb6 Qxb6 20. Ne5 Rdb8 21. Na4 Qc7 22. Rac1 Rb5 23. Qc3 Rab8 24. Qc2 Ne8 25. e4 dxe4 26. Qxe4 Nd6 27. Qe2 Rc8 28. Nc3 Ra5 29. Ne4 Nf5 30. Rxc4 Nexd4 31. Rdxd4 Nxd4 32. Qg4 Ra1+ 33. Kh2 Qxe5+ 34. f4 Rxc4 35. fxe5 Raa4 36. Qd7 Ne6 37. Qe8+ Nf8 38. Nd6 1-0

[Event "Luxembourg-chT 1112"]
[Site "Luxembourg"]
[Date "2012.01.10"]
[Round "4"]
[White "Scherer, Frank"]
[Black "Milanovic, Milan"]
[Result "1-0"]
[WhiteElo "2155"]
[BlackElo "1825"]
[PlyCount "43"]
[EventDate "2011.10.??"]
[EventType "team-tourn"]
[EventRounds "10"]
[EventCountry "LUX"]
[SourceTitle "EXT 2017"]
[Source "ChessBase"]
[SourceDate "2016.10.25"]
[SourceVersion "1"]
[SourceVersionDate "2016.10.25"]
[SourceQuality "1"]

1. e4 c6 2. d4 d5 3. Nc3 dxe4 4. Nxe4 Nd7 5. Nf3 e6 6. Bd3 h6 7. Qe2 Ngf6 8. Bd2 Nxe4 9. Qxe4 Nf6 10. Qe2 Bd6 11. 0-0-0 Qc7 12. Ne5 a6 13. f4 c5 14. dxc5 Bxc5 15. Rhe1 b5 16. g4 Bb7 17. g5 Nd5 18. g6 f6 19. Nf7 0-0 20. Qxe6 Qe7 21. Nxh6+ Kh8 22. Nf7+ 1-0